[Event "Wch Seniors 12th"]
[Site "Naumburg"]
[Date "2002.11.01"]
[Round "10"]
[White "Weigel, Max"]
[Black "Thuma, Horst"]
[Result "0-1"]
[WhiteElo "1579"]
[BlackElo "1678"]
[PlyCount "84"]
[EventDate "2002.10.21"]
[EventType "swiss"]
[EventRounds "11"]
[EventCountry "GER"]
[SourceTitle "EXT 2006"]
[Source "ChessBase"]
[SourceDate "2005.11.24"]
[SourceVersion "1"]
[SourceVersionDate "2005.11.24"]
[SourceQuality "1"]

1. Nf3 c5 2. c4 Nc6 3. Nc3 Nf6 4. e3 e6 5. d4 cxd4 6. exd4 d5 7. b3 Bb4 8. Bd2 dxc4 9. a3 Ba5 10. Bxc4 Nxd4 11. Nxd4 Qxd4 12. Rc1 Bd7 13. 0-0 0-0 14. Be1 Qxd1 15. Rxd1 Bc6 16. b4 Bc7 17. b5 Bd7 18. Na4 Rac8 19. Be2 Rfd8 20. g3 b6 21. Bb4 Nd5 22. Bd2 Bd6 23. Rc1 Bxa3 24. Rxc8 Rxc8 25. Bd3 a6 26. Ra1 axb5 27. Nxb6 Nxb6 28. Rxa3 Nc4 29. Rc3 Nxd2 30. Rxc8+ Bxc8 31. Bxb5 Bb7 32. Be2 Nf3+ 33. Bxf3 Bxf3 34. Kf1 f5 35. Ke1 g5 36. Kd2 e5 37. Ke3 e4 38. Kd4 Kg7 39. Ke5 Kg6 40. Ke6 h5 41. Ke5 Bg2 42. Ke6 f4 0-1

[Event "Wch Seniors 12th"]
[Site "Naumburg"]
[Date "2002.10.29"]
[Round "7"]
[White "Schneiderheinze, Roland"]
[Black "Weigel, Max"]
[Result "1-0"]
[WhiteElo "1754"]
[BlackElo "1579"]
[PlyCount "91"]
[EventDate "2002.10.21"]
[EventType "swiss"]
[EventRounds "11"]
[EventCountry "GER"]
[SourceTitle "EXT 2006"]
[Source "ChessBase"]
[SourceDate "2005.11.24"]
[SourceVersion "1"]
[SourceVersionDate "2005.11.24"]
[SourceQuality "1"]

1. d4 e6 2. c4 Nf6 3. Nc3 Bb4 4. a3 Be7 5. Nf3 0-0 6. e4 d6 7. Qc2 Nfd7 8. Bf4 a5 9. Rd1 c6 10. e5 d5 11. Bd3 g6 12. h4 Kg7 13. h5 Rh8 14. hxg6 hxg6 15. Ke2 Qg8 16. Qc1 Kf8 17. Bg5 Ke8 18. Rxh8 Qxh8 19. Rh1 Qg8 20. Rh6 Bf8 21. Rh4 Bg7 22. Qh1 Nf8 23. Bf6 Nbd7 24. Bxg7 Qxg7 25. Qh2 b6 26. Ng5 Ba6 27. Rf4 f5 28. exf6 Nxf6 29. b3 Ra7 30. Qh3 Re7 31. Qf3 N8d7 32. cxd5 exd5+ 33. Kd2 Bb7 34. Na4 Nh5 35. Rh4 Qh6 36. Bxg6+ Qxg6 37. Qxh5 Qxh5 38. Rxh5 b5 39. Rh8+ Nf8 40. Nc5 Bc8 41. f3 Rg7 42. Rxf8+ Kxf8 43. Nge6+ Bxe6 44. Nxe6+ Kf7 45. Nxg7 Kxg7 46. b4 1-0